[Event "17th Prague Open 2018"]
[Site "Prague"]
[Date "2018.01.13"]
[Round "2"]
[White "Mihajlov, Sebastian"]
[Black "Yakimenko, Alexander A"]
[Result "1-0"]
[WhiteElo "2371"]
[BlackElo "2146"]
[Annotator "NA"]
[PlyCount "69"]
[EventDate "2018.??.??"]
[EventType "swiss"]
[EventCountry "CZE"]
[SourceTitle "playchess.com"]
[Source "ChessBase"]
[SourceQuality "1"]
[TimeControl "40/5400+30:1800+30"]

1. d4 {[%emt 0:08:00]} e6 {[%emt 0:00:36]} 2. c4 {[%emt 0:00:52]} f5 {[%emt 0:01:10]} 3. Nc3 {[%emt 0:01:53]} Nf6 {[%emt 0:00:35]} 4. e3 {[%emt 0:00:45]} b6 {[%emt 0:03:05]} 5. Bd3 {[%emt 0:04:51]} Bb7 {[%emt 0:01:00]} 6. f3 {[%emt 0:00:08]} Bb4 {[%emt 0:03:45]} 7. Nge2 {[%emt 0:00:09]} O-O {[%emt 0:08:17]} 8. a3 {[%emt 0:04:10]} Bxc3+ {[%emt 0:04:34]} 9. Nxc3 {[%emt 0:00:06]} d6 {[%emt 0:00:58]} 10. O-O {[%emt 0:01:33]} Nbd7 {[%emt 0:02:06]} 11. b4 {[%emt 0:09:08]} a5 {[%emt 0:04:17]} 12. Rb1 {[%emt 0:12:13]} Nh5 {[%emt 0:11:14]} 13. Qc2 {[%emt 0:08:28]} Qe7 {[%emt 0:08:16]} 14. Bd2 {[%emt 0:05:11]} axb4 {[%emt 0:06:20]} 15. axb4 {[%emt 0:00:18]} g6 {[%emt 0:00:43]} 16. Na4 {[%emt 0:11:30]} Bc6 {[%emt 0:10:43]} 17. b5 {[%emt 0:01:21]} Bb7 {[%emt 0:00:07]} 18. Rbc1 {[%emt 0:02:16]} Rfd8 {[%emt 0:02:48]} 19. Bb4 {[%emt 0:01:55]} Qh4 {[%emt 0:05:29]} 20. Rb1 {[%emt 0:03:32]} e5 {[%emt 0:02:11]} 21. c5 {[%emt 0:00:56]} dxc5 {[%emt 0:02:20]} 22. dxc5 {[%emt 0:00:42]} Rxa4 {[%emt 0:05:25]} 23. Be1 {[%emt 0:00:09]} Qg5 {[%emt 0:05:06]} 24. Qxa4 {[%emt 0:02:34]} Nxc5 {[%emt 0:00:15]} 25. Bc4+ {[%emt 0:00:03]} Kg7 {[%emt 0:03:14]} 26. Qa3 {[%emt 0:01:38]} Nf6 {[%emt 0:04:09]} 27. Bb4 {[%emt 0:03:37]} Nd3 {[%emt 0:03:52]} 28. Bf8+ {[%emt 0:00:23]} Rxf8 {[%emt 0:01:07]} 29. Qe7+ {[%emt 0:00:06]} Kh6 {[%emt 0:00:06]} 30. Qxf8+ {[%emt 0:00:05]} Kh5 {[%emt 0:00:10]} 31. Bxd3 {[%emt 0:00:04]} Qxe3+ {[%emt 0:00:25]} 32. Kh1 {[%emt 0:00:08]} Nd5 {[%emt 0:01:03]} 33. Bxf5 {[%emt 0:01:20]} Nf4 {[%emt 0:00:32]} 34. g4+ {[%emt 0:00:26]} Kg5 {[%emt 0:00:16]} 35. h4+ {[%emt 0:00:06]} 1-0

[Event "17th Prague Open 2018"]
[Site "Prague"]
[Date "2018.01.13"]
[Round "2"]
[White "Kaasen, Tor Fredrik"]
[Black "Kapusta, Petr"]
[Result "1-0"]
[WhiteElo "2340"]
[BlackElo "2140"]
[Annotator "NA"]
[PlyCount "79"]
[EventDate "2018.??.??"]
[EventType "swiss"]
[EventCountry "CZE"]
[SourceTitle "playchess.com"]
[Source "ChessBase"]
[SourceQuality "1"]
[TimeControl "40/5400+30:1800+30"]

1. d4 {[%emt 0:03:45]} Nf6 {[%emt 0:00:06]} 2. c4 {[%emt 0:00:03]} g6 {[%emt 0:00:07]} 3. Nc3 {[%emt 0:00:04]} Bg7 {[%emt 0:00:08]} 4. e4 {[%emt 0:00:15]} d6 {[%emt 0:00:06]} 5. Nf3 {[%emt 0:01:02]} O-O {[%emt 0:00:11]} 6. Be2 {[%emt 0:00:16]} e5 {[%emt 0:00:14]} 7. O-O {[%emt 0:00:04]} Nc6 {[%emt 0:00:07]} 8. d5 {[%emt 0:00:23]} Ne7 {[%emt 0:00:07]} 9. Ne1 {[%emt 0:00:03]} Nd7 {[%emt 0:02:38]} 10. Be3 {[%emt 0:00:05]} f5 {[%emt 0:00:18]} 11. f3 {[%emt 0:00:03]} Nf6 {[%emt 0:02:16]} 12. c5 {[%emt 0:01:33]} f4 {[%emt 0:00:58]} 13. Bf2 {[%emt 0:00:04]} g5 {[%emt 0:00:09]} 14. Rc1 {[%emt 0:00:51]} Ng6 {[%emt 0:01:33]} 15. cxd6 {[%emt 0:03:18]} cxd6 {[%emt 0:00:11]} 16. Nb5 {[%emt 0:00:03]} Rf7 {[%emt 0:00:59]} 17. Qc2 {[%emt 0:01:32]} g4 {[%emt 0:06:29]} 18. Nc7 {[%emt 0:02:24]} g3 {[%emt 0:05:06]} 19. Nxa8 {[%emt 0:01:41]} gxf2+ {[%emt 0:06:30]} 20. Rxf2 {[%emt 0:00:18]} Bd7 {[%emt 0:00:35]} 21. Nc7 {[%emt 0:00:44]} Nh5 {[%emt 0:00:33]} 22. Bb5 {[%emt 0:02:03]} Bxb5 {[%emt 0:03:38]} 23. Nxb5 {[%emt 0:00:04]} Qb6 {[%emt 0:00:32]} 24. Nc7 {[%emt 0:03:27]} Bf6 {[%emt 0:01:36]} 25. Qb3 {[%emt 0:05:27]} Qa5 {[%emt 0:20:35]} 26. Qb5 {[%emt 0:08:02]} Qxa2 {[%emt 0:03:49]} 27. Ne6 {[%emt 0:06:00]} Nf8 {[%emt 0:03:04]} 28. Nxf8 {[%emt 0:02:17]} Rxf8 {[%emt 0:00:25]} 29. Rfc2 {[%emt 0:00:04]} Bd8 {[%emt 0:03:01]} 30. Qxb7 {[%emt 0:03:04]} Qa4 {[%emt 0:03:40]} 31. Rc4 {[%emt 0:04:10]} Qa5 {[%emt 0:03:57]} 32. Qd7 {[%emt 0:04:35]} Qb6+ {[%emt 0:08:35]} 33. Kf1 {[%emt 0:02:41]} Nf6 {[%emt 0:01:48]} 34. Qc6 {[%emt 0:01:25]} Qxb2 {[%emt 0:00:42]} 35. Qxd6 {[%emt 0:01:13]} Bb6 {[%emt 0:00:52]} 36. R1c2 {[%emt 0:02:16]} Qa1 {[%emt 0:03:07]} 37. Qe6+ {[%emt 0:03:22]} Kg7 {[%emt 0:01:16]} 38. Rc7+ {[%emt 0:06:24]} Kg6 {[%emt 0:03:59]} 39. Qf5+ {[%emt 0:01:00]} Kh6 {[%emt 0:00:07]} 40. h4 {[%emt 0:00:53]} 1-0

[Event "17th Prague Open 2018"]
[Site "Prague"]
[Date "2018.01.13"]
[Round "2"]
[White "Liu, Yi"]
[Black "Rosenbaum, Vit"]
[Result "1-0"]
[WhiteElo "2337"]
[BlackElo "2123"]
[Annotator "NA"]
[PlyCount "101"]
[EventDate "2018.??.??"]
[EventType "swiss"]
[EventCountry "CZE"]
[SourceTitle "playchess.com"]
[Source "ChessBase"]
[SourceQuality "1"]
[TimeControl "40/5400+30:1800+30"]

1. e4 {[%emt 0:04:34]} e6 {[%emt 0:00:15]} 2. d4 {[%emt 0:01:13]} d5 {[%emt 0:00:04]} 3. Nd2 {[%emt 0:00:13]} Nf6 {[%emt 0:00:05]} 4. e5 {[%emt 0:00:05]} Nfd7 {[%emt 0:00:03]} 5. Bd3 {[%emt 0:01:47]} c5 {[%emt 0:00:05]} 6. c3 {[%emt 0:00:04]} Nc6 {[%emt 0:00:04]} 7. Ne2 {[%emt 0:00:04]} cxd4 {[%emt 0:00:16]} 8. cxd4 {[%emt 0:00:03]} f6 {[%emt 0:00:17]} 9. exf6 {[%emt 0:00:25]} Nxf6 {[%emt 0:00:06]} 10. Nf3 {[%emt 0:00:04]} Bd6 {[%emt 0:00:10]} 11. O-O {[%emt 0:00:25]} Qc7 {[%emt 0:00:09]} 12. g3 {[%emt 0:02:12]} O-O {[%emt 0:04:50]} 13. Bf4 {[%emt 0:00:21]} e5 {[%emt 0:06:17]} 14. dxe5 {[%emt 0:01:12]} Nxe5 {[%emt 0:00:07]} 15. Nxe5 {[%emt 0:00:59]} Bxe5 {[%emt 0:00:05]} 16. Rc1 {[%emt 0:01:39]} Qd6 {[%emt 0:00:50]} 17. Re1 {[%emt 0:17:34]} Bg4 {[%emt 0:07:13]} 18. Qb3 {[%emt 0:06:01]} Rfe8 {[%emt 0:18:27]} 19. Qxb7 {[%emt 0:15:48]} Rab8 {[%emt 0:04:21]} 20. Qxa7 {[%emt 0:00:56]} Rxb2 {[%emt 0:03:15]} 21. Be3 {[%emt 0:07:29]} Bxe2 {[%emt 0:14:06]} 22. Rxe2 {[%emt 0:00:43]} Rxe2 {[%emt 0:05:24]} 23. Bxe2 {[%emt 0:01:05]} d4 {[%emt 0:01:18]} 24. Rd1 {[%emt 0:04:16]} Qc6 {[%emt 0:04:56]} 25. Bd2 {[%emt 0:07:41]} Qc2 {[%emt 0:17:13]} 26. Qa6 {[%emt 0:04:12]} Ne4 {[%emt 0:05:15]} 27. Qc4+ {[%emt 0:09:02]} Qxc4 {[%emt 0:00:06]} 28. Bxc4+ {[%emt 0:00:01]} Kh8 {[%emt 0:00:08]} 29. Bb4 {[%emt 0:00:58]} Rc8 {[%emt 0:02:38]} 30. Ba6 {[%emt 0:02:57]} Rb8 {[%emt 0:03:27]} 31. a3 {[%emt 0:00:30]} Bf6 {[%emt 0:01:03]} 32. Re1 {[%emt 0:06:34]} Nc3 {[%emt 0:00:08]} 33. Re6 {[%emt 0:00:47]} h6 {[%emt 0:01:50]} 34. Bd3 {[%emt 0:01:02]} Kg8 {[%emt 0:01:00]} 35. Bc4 {[%emt 0:02:08]} Kh8 {[%emt 0:00:15]} 36. h4 {[%emt 0:01:32]} Na4 {[%emt 0:00:56]} 37. Rd6 {[%emt 0:01:03]} Nb2 {[%emt 0:00:59]} 38. Bf1 {[%emt 0:00:27]} Na4 {[%emt 0:00:34]} 39. Rd7 {[%emt 0:00:39]} Nb6 {[%emt 0:00:29]} 40. Rd6 {[%emt 0:00:27]} Na4 {[%emt 0:30:31]} 41. h5 {[%emt 0:04:16]} Nc3 {[%emt 0:00:00]} 42. Rd7 {[%emt 0:02:15]} Na4 {[%emt 0:00:00]} 43. f4 {[%emt 0:02:26]} Kg8 {[%emt 0:00:00]} 44. Bc4+ {[%emt 0:00:48]} Kh8 {[%emt 0:00:00]} 45. Bd3 {[%emt 0:01:23]} Rc8 {[%emt 0:00:00]} 46. Bf5 {[%emt 0:01:46]} Re8 {[%emt 0:00:00]} 47. Bg6 {[%emt 0:00:54]} Rc8 {[%emt 0:00:00]} 48. Kf2 {[%emt 0:04:08]} Nb6 {[%emt 0:00:00]} 49. Rd6 {[%emt 0:02:15]} Nc4 {[%emt 0:00:00]} 50. Re6 {[%emt 0:00:52]} Nb2 {[%emt 0:00:00]} 51. Ke2 {[%emt 0:00:54]} 1-0

[Event "17th Prague Open 2018"]
[Site "Prague"]
[Date "2018.01.13"]
[Round "2"]
[White "Monin, Nikolay"]
[Black "Stefansson, Hannes"]
[Result "0-1"]
[WhiteElo "2193"]
[BlackElo "2523"]
[Annotator "TA"]
[PlyCount "136"]
[EventDate "2018.??.??"]
[EventType "swiss"]
[EventCountry "CZE"]
[SourceTitle "playchess.com"]
[Source "ChessBase"]
[SourceQuality "1"]

{[%evp 19,136,22,41,7,64,63,56,40,56,17,91,82,90,28,27,14,23,13,35,0,0,-19,-20,-20,-19,-20,-7,-21,-20,-20,-20,-18,-17,-25,-20,-19,-16,-96,-53,-116,-116,-102,0,0,0,0,0,0,0,0,0,0,0,0,0,-3,-5,-10,-3,-7,-8,-8,0,0,0,0,0,0,0,0,0,0,0,0,0,0,0,0,0,-8,-8,-8,-7,-103,0,0,0,-8,-8,-789,-696,-29971,-29972,-29968,-29965,-29972,-29973,-29973,-29974,-29977,-29978,-29978,-29979,-29979,-29980,-29979,-29980,-29981,-29982,-29984,-29983,-29989,-29990,-29990,-29984,-29987,-29988,-29994,-29995]} 1. Nf3 Nf6 2. c4 b6 3. g3 Bb7 4. Bg2 g6 5. O-O Bg7 6. d4 O-O 7. Nc3 Ne4 8. Nxe4 Bxe4 9. Be3 d5 {A50: Queen's Fianchetto Defence (1 d4 Nf6 2 c4 b6)} 10. Rc1 Nc6 {LiveBook: 6 Games} 11. Qd2 Na5 $146 (11... Qd7 $11) ({Predecessor:} 11... dxc4 12. Rxc4 Na5 13. Rcc1 Rc8 14. b4 Nb7 15. Rfd1 e6 16. Bf1 a5 17. a3 axb4 18. axb4 {1-0 (71) Bu,X (2675)-Vachier Lagrave,M (2722) Khanty-Mansiysk 2011}) 12. cxd5 $14 Bxd5 13. b3 Rc8 14. Bh6 Qd6 (14... Bxh6 $11 15. Qxh6 Bxf3 16. Bxf3 Qxd4) 15. Bxg7 Kxg7 16. Rc3 ({Better is} 16. Rfd1 $16) 16... Bxf3 $11 17. Bxf3 c5 18. Rfc1 e5 {[%cal Be7e5,Be5d4,Bd4d3][%mdl 32]} 19. b4 Qxd4 20. Qxd4 exd4 21. R3c2 Nc6 22. bxc5 d3 $36 {[%mdl 2048] Black fights for an advantage.} 23. Rd2 Ne5 24. Kg2 Nxf3 25. Kxf3 dxe2 26. Rxe2 {[%mdl 4096] Endgame KRR-KRR} Rc6 27. Re7 a6 28. Ke4 (28. Rc4 $11 {remains equal.}) 28... Rfc8 ({Of course not} 28... Rxc5 $6 29. Rxc5 bxc5 30. Ra7 $11) 29. Rb1 (29. Re5 $15) 29... b5 $17 30. Ra7 Rf6 ({Black should try} 30... Re6+ $1 $17 31. Kf3 (31. Kd4 Rd8+ 32. Kc3 Rc6 $17) 31... Rxc5) 31. Rc1 $1 $11 Re8+ 32. Kd4 {And now c6 would win.} Rd8+ 33. Ke3 Re6+ 34. Kf3 Rd3+ 35. Kg2 {Threatening c6.} Rc6 36. Rc2 Rd4 37. Kf3 Rc4 38. Rxc4 bxc4 {KR-KR} 39. Ke2 $1 c3 40. Kd1 Rxc5 41. Rxa6 Rd5+ 42. Kc2 Rd2+ 43. Kxc3 Rxf2 44. a4 Rxh2 {Strongly threatening ...Rg2.} 45. Rd6 $1 h5 46. a5 g5 47. Rd2 Rh3 48. Rd3 h4 49. gxh4 Rxh4 50. Rd4 {Black must now prevent Rxh4.} Rh3+ 51. Kb2 (51. Kb4 $11) 51... Rh8 ({Black should play} 51... Rh6 $17 52. Kc3 Ra6) 52. a6 f5 {[%cal Bf7f5,Bf5f4,Bf4f3][%mdl 32] Threatens to win with ...g4.} 53. a7 g4 {[%cal Bg5g4,Bg4g3,Bg3g2][%mdl 32] aiming for ...g3.} 54. Ra4 $2 {[%mdl 8192]} (54. Kc3 $11) 54... g3 $1 $19 55. Kc3 g2 {Black mates.} 56. Ra1 {[#]} f4 $1 {[%cal Rf4f3]} 57. Kd3 {[#]} Re8 $1 58. Rg1 f3 59. a8=Q Rxa8 60. Ke3 Ra3+ 61. Kf2 Kf6 62. Rb1 Rd3 63. Ra1 Ke5 64. Ra5+ Ke4 65. Ra4+ Rd4 66. Ra1 Rd2+ 67. Kg1 Ke3 68. Re1+ Kf4 {Precision: White = 44%, Black = 72%.} 0-1

[Event "17th Prague Open 2018"]
[Site "Prague"]
[Date "2018.01.13"]
[Round "2"]
[White "Harshini A"]
[Black "Neuman, Petr"]
[Result "0-1"]
[WhiteElo "2185"]
[BlackElo "2452"]
[Annotator "TA"]
[PlyCount "260"]
[EventDate "2018.??.??"]
[EventType "swiss"]
[EventCountry "CZE"]
[SourceTitle "playchess.com"]
[Source "ChessBase"]
[SourceQuality "1"]

{[%evp 20,260,64,60,60,60,76,6,0,4,-9,-18,0,-10,4,4,4,4,4,7,16,-6,-8,-14,-20,-18,-3,0,0,-29,-27,-25,-14,-39,-8,-8,-15,-15,-15,-15,-15,-15,-15,-15,-15,-15,-15,-16,-23,-23,-16,-23,-23,-28,-24,-145,-149,-152,-152,-146,-152,-165,-125,-137,-125,-133,0,-129,-8,-8,0,0,0,0,0,-10,0,0,0,0,0,0,0,0,0,0,0,0,0,0,0,0,0,0,0,0,0,0,0,-8,-8,-8,-8,-118,-126,-326,-326,-326,-326,-326,-326,-326,-326,-326,-326,-326,-326,-326,-326,-326,-326,-326,-326,-326,-326,-326,-326,-326,-326,-326,-326,-326,-326,-326,-326,-326,-326,-326,-326,-326,-326,-326,-326,-326,-326,-326,-326,-326,-326,-326,0,-326,-326,-326,-326,-326,-326,-326,0,-326,-326,-326,-326,-326,-326,-326,-326,-326,-326,-326,-326,-326,-326,-326,-326,-326,-326,-326,-326,-326,-326,-326,-326,-326,-326,-326,-326,-326,-326,-326,-326,-326,-326,-12849,-12851,-29937,-29936,-29937,-12844,-12799,-7531,-12845,-12799,-5065,-1841,-29952,-29951,-29960,-606,-29961,-29963,-29961,-29959,-29961,-29962,-29963,-29963,-29961,-29965,-29963,-29964,-29972,-29975,-29973,-29975,-29976,-29969,-29958,-29964,-29977,-29973,-29978,-29949,-29975,-29980,-29996,-29984,-29982,-12812,-29996,-29990,-29997,-29998]} 1. e4 c5 2. Nf3 d6 3. d4 cxd4 4. Nxd4 Nf6 5. Nc3 Nc6 6. Be2 g6 7. Be3 Bg7 8. f3 O-O 9. Qd2 Bd7 10. O-O-O Nxd4 11. Bxd4 Qa5 {B72: Sizilianisch (Drachen-Variante)} 12. Kb1 Rfc8 13. Nd5 (13. h4 $16) (13. g4 e5 14. Be3 Be6 15. g5 Nh5 16. Nd5 Qd8 17. Qb4 Bxd5 18. Rxd5 Nf4 19. Bxf4 exf4 20. Qxd6 Qxd6 21. Rxd6 {½-½ (51) Tofte,S (2205)-Getz,N (2239) Fredrikstad 2010}) 13... Qxd2 $11 {Die Stellung ist ausgeglichen.} 14. Nxf6+ Bxf6 15. Rxd2 Bxd4 16. Rxd4 Be6 $146 ({Vorgänger:} 16... Rc5 17. Rc4 Rac8 18. Rxc5 Rxc5 {0-1 (40) Latko,W-Flatau,L Brakel 1957}) 17. c4 Kg7 18. b3 g5 19. h4 h6 20. Kc2 b5 21. hxg5 hxg5 22. Kd2 bxc4 23. Bxc4 Bxc4 24. bxc4 {[%mdl 4096] Endspiel KTT-KTT} Rab8 25. Kc3 Rc6 26. Rd5 f6 27. Ra5 a6 (27... Rb7 {with more complications.} 28. g3 Rbc7 29. Ra4 Rc5 30. g4 Rb7) 28. Rc1 Kf7 29. Rc2 Ke6 30. Kd3 Rb4 31. g3 Rb1 32. Ke3 Rg1 33. Kf2 Rh1 34. Kg2 Rb1 35. Kf2 Kd7 36. f4 g4 37. e5 (37. f5 $11 {bleibt in der Remisbreite.}) 37... dxe5 $1 $17 38. fxe5 {[#]} f5 $1 39. Rc3 Ke6 40. Ke3 Rf1 41. Ke2 Rg1 42. Kf2 Rb1 43. Ke3 $1 {[#]} Re1+ (43... Kf7 $1 $17 44. Ke2 Rh1) 44. Kf4 $1 $11 Rf1+ 45. Kg5 Rf3 46. Rb3 Rf2 47. Rba3 Rc2 (47... Rc8 {looks sharper.} 48. Rxa6+ Kxe5 49. Rg6 Rxc4 50. Rga6 Rf3) 48. Rxa6 R2xc4 49. Rxc6+ Rxc6 {KT-KT} 50. Ra5 Rc8 51. Kf4 Rc4+ 52. Kg5 Rd4 53. Ra6+ Kxe5 {Und weiter mit ...e6 wäre nett.} 54. Ra5+ Ke4 {zielt auf ...e5 ab.} 55. Rxf5 e5 56. Kxg4 Ra4 57. Kg5 Kd4 58. g4 e4 59. Kh5 e3 {Droht stark ...e2.} 60. Rf4+ Kd3 61. Rxa4 {KT-KB} (61. Rf1 $11 {hält das Gleichgewicht.}) 61... e2 $17 62. Rf4 $2 (62. g5 $17 {war einen Versuch wert.}) 62... e1=Q $19 {KD-KT} 63. Rf5 Qe8+ 64. Kh4 Ke4 65. Kg3 Qb8+ 66. Kh4 Qh2+ 67. Kg5 Qxa2 68. Rf4+ Ke5 69. Rf5+ Ke6 70. Kh5 Qh2+ 71. Kg5 Qh8 72. Kf4 Qh6+ 73. Kf3 Qh2 74. Rh5 Qg1 75. Rf5 Qe1 76. Rh5 Kf6 77. Rf5+ Kg6 78. Rh5 Qc3+ 79. Kf4 Qd4+ 80. Kf3 Qd3+ 81. Kf4 Qf1+ 82. Kg3 Qe2 83. Rf5 Qe3+ 84. Kg2 Qe2+ 85. Kg3 Qe1+ 86. Kf3 Qg1 87. Rh5 Qd1+ 88. Kg3 Qd3+ 89. Kf4 $1 Qc3 90. Rf5 Qh3 91. Rh5 Qg2 92. Rg5+ Kf6 93. Rf5+ Ke6 94. Re5+ Kd6 {( -> ...Dh2+)} 95. Rf5 Qf2+ 96. Kg5 Qh2 97. Kg6 Qh4 98. Rf6+ Ke7 99. g5 Qh3 100. Rf7+ Ke6 101. Rf6+ Ke5 102. Kg7 Qh4 103. Kg6 Qh8 104. Rf5+ Kd4 105. Rf4+ Ke3 106. Rf7 $2 (106. Rf1) 106... Qg8+ 107. Kf6 Kf4 108. g6 Qd8+ (108... Qb8 $142 109. Ke6+ Kg5 110. g7 Qg8 111. Ke7 Kg6 112. Rf4 Qxg7+ 113. Ke6 Kg5 114. Rf5+ Kg4 115. Re5 Kf4 116. Rc5 Qg8+ 117. Ke7 Ke4 118. Rb5 Qc4 119. Rh5 Qc7+ 120. Ke6 Qc6+ 121. Kf7 Qd7+ 122. Kf6 Qd6+ 123. Kf7 Kf4 124. Rh2 Qd5+ 125. Ke7 Kg5 126. Re2 Qc5+ 127. Kd8 Qd5+ 128. Ke7 Qc5+ 129. Kd8 Qd5+ 130. Ke7) 109. Ke6+ Kg5 110. g7 Qg8 111. Ke7 Kg6 112. Rf6+ Kxg7 113. Re6 Qc8 (113... Qb8 $142 114. Rd6 Qb4 115. Kd7 Qb7+ 116. Kd8 Qe4 117. Kc7 Qf4 118. Kd7 Qf7+ 119. Kc6 Qc4+ 120. Kd7 Kf7 121. Rc6 Qd4+ 122. Kc8 Qb4 123. Kd8 Qe7+ 124. Kc8 Ke8 125. Rc7 Qd6 126. Kb7 Kd8 127. Rc6 Qb4+ 128. Ka6 Kd7 129. Rb6 Qa4+ 130. Kb7 Qa5 131. Rh6 Qd5+ 132. Ka6 Qd3+ 133. Kb7 Qe4+ 134. Ka6 Kc7 135. Kb5 Qf5+ 136. Kb4 Qf4+ 137. Kc5 Qxh6 138. Kd4 Qe6 139. Kd3 Qe1 140. Kd4 Kd6 141. Kd3 Kc5 142. Kc2 Kc4 143. Kb2 Qf2+ 144. Kb1 Kc3 145. Kc1 Qg1#) 114. Rd6 Qf5 115. Re6 Qf8+ 116. Kd7 Kf7 117. Re5 Qb4 118. Rf5+ Kg6 119. Rd5 Kf6 120. Kc6 Ke6 121. Rc5 Qa4+ 122. Rb5 Qe4+ 123. Kc5 Ke5 124. Ra5 Qe1 125. Rb5 Qc3+ 126. Kb6+ Kd6 127. Ra5 Qb4+ 128. Rb5 Qc4 (128... Qa4 $142 129. Rh5 Qd4+ 130. Kb5 Qe3 131. Ka4 Qe4+ 132. Ka5 Qe1+ 133. Kb6 Qf2+ 134. Ka5 Qe1+ 135. Kb6 Qe3+ 136. Ka5 Qe1+) 129. Ra5 Qc6+ 130. Ka7 Kc7 {Precision: Weiß = 70%, Schwarz = 73%.} 0-1

[Event "17th Prague Open 2018"]
[Site "Prague"]
[Date "2018.01.13"]
[Round "2"]
[White "Ludvik, Tomas"]
[Black "Pacher, Milan"]
[Result "1/2-1/2"]
[WhiteElo "2165"]
[BlackElo "2444"]
[Annotator "TA"]
[PlyCount "94"]
[EventDate "2018.??.??"]
[EventType "swiss"]
[EventCountry "CZE"]
[SourceTitle "playchess.com"]
[Source "ChessBase"]
[SourceQuality "1"]

{[%evp 20,94,11,14,38,5,27,15,29,10,31,-7,27,-10,25,33,20,5,16,0,27,9,27,4,10,11,8,10,17,6,7,0,0,0,0,0,49,0,0,0,0,-8,-6,-5,0,-3,-7,-31,0,0,0,0,0,0,0,0,4,0,0,0,0,0,37,36,46,29,40,62,112,171,264,276,320,256,460,280,311]} 1. d4 d5 2. Nf3 Bf5 3. c4 e6 4. Nc3 c6 5. e3 Nd7 6. Bd3 Bg6 7. O-O Ngf6 8. Qe2 Bd6 9. e4 dxe4 10. Nxe4 Nxe4 11. Bxe4 {LiveBook: 4 Games} Nf6 {D12: Slav Defence: 3 Nf3 Nf6 4 e3 Bf5} (11... O-O 12. Bxg6 hxg6 13. Bg5 Be7 14. Bxe7 Qxe7 15. d5 cxd5 16. cxd5 Rfe8 17. Rfe1 Nf8 18. Rad1 Rad8 19. Qe3 b6 20. h3 Rd7 21. Rd4 exd5 {½-½ (21) Poobesh Anand,S (2425)-Bryzgalin,K (2473) Moscow 2006}) 12. Bd3 $146 ({Predecessor:} 12. Bxg6 hxg6 13. h3 Qa5 14. Ne5 Bxe5 15. dxe5 Nd7 16. Re1 Rh5 17. f4 Nb6 18. Be3 Rd8 19. Red1 {1-0 (27) Qendro,L (2328)-Rifai,A (2194) Bratto 2016}) 12... Qc7 13. h3 O-O {The position is equal.} 14. b3 a5 15. a3 Rfe8 16. Bb2 Nh5 {[#] aiming for ...Nf4.} 17. Bxg6 hxg6 18. Ne5 Rad8 19. Rad1 Qe7 20. Qf3 Nf6 21. Bc3 Bxa3 22. Bxa5 Ra8 23. Bc3 Bb4 24. Ra1 Bxc3 25. Qxc3 Ne4 26. Qd3 Nd6 27. g4 Qc7 28. Qc3 Rad8 29. Rfe1 g5 30. Ra2 f6 31. Nd3 Nf7 32. Rae2 Qd6 33. Nc5 {[%cal Rc5e6]} Qxd4 34. Qxd4 Rxd4 35. Rxe6 Rxe6 36. Rxe6 $15 {[%mdl 4096] Endgame KRN-KRN} Ne5 {Hoping for ...Kf7.} 37. Re8+ Kh7 38. Rb8 Rd1+ 39. Kg2 Ng6 40. Rxb7 Nf4+ 41. Kh2 Kg6 42. Rc7 Rd2 43. Kg3 Rd1 44. Rxc6 (44. Kf3 $16) 44... Rh1 (44... Rc1 {was called for.} 45. Ne4 Ne2+ 46. Kg2 Nf4+ 47. Kf3 Nxh3) 45. Kf3 $18 Rxh3+ 46. Ke4 Rh2 $2 {[#]} (46... Rc3 47. Rd6 Rc2) 47. Ke3 Ng2+ {[%mdl 32768] Precision: White = 30%, Black = 41%. . An unexpected result.} 1/2-1/2

[Event "17th Prague Open 2018"]
[Site "Prague"]
[Date "2018.01.13"]
[Round "2"]
[White "Shevchenko, Danylo"]
[Black "Popov, Mikhail"]
[Result "1-0"]
[WhiteElo "2164"]
[BlackElo "2416"]
[Annotator "TA"]
[PlyCount "115"]
[EventDate "2018.??.??"]
[EventType "swiss"]
[EventCountry "CZE"]
[SourceTitle "playchess.com"]
[Source "ChessBase"]
[SourceQuality "1"]

{[%evp 19,115,-25,-29,-62,-34,-36,-34,-111,-107,-98,-68,-47,-27,-18,-11,-12,-25,-8,-29,-96,-12,-86,-68,-61,-38,-56,8,-19,-23,-16,-25,-24,0,0,23,22,18,14,13,11,24,26,60,66,62,12,96,34,18,2,27,12,34,35,35,43,45,45,83,84,127,127,153,150,125,15,15,15,15,15,15,31,360,325,480,480,480,480,480,480,473,466,466,429,1539,1479,1438,1407,1411,1330,1277,1276,4323,4514,5581,5222,29960,29952]} 1. e4 g6 2. d4 Bg7 3. Nc3 d6 4. f4 Nf6 5. Nf3 O-O 6. Be3 b6 7. e5 Ng4 8. Bg1 c5 {B09: Pirc Defence: Austrian Attack} 9. dxc5 (9. Qe2 cxd4 10. Bxd4 Nc6 11. O-O-O Nxd4 12. Rxd4 Nh6 13. g3 Bb7 14. Bh3 b5 15. Kb1 Nf5 16. Bxf5 gxf5 {1-0 (29) Inarkiev,E (2702)-Mchedlishvili,M (2590) Tbilisi 2017}) 9... bxc5 10. h3 Nh6 {LiveBook: 6 Games. Black has an edge.} 11. Qd5 Qb6 12. O-O-O ({Don't play} 12. Qxa8 Bb7 $17) 12... Bb7 $146 ({Predecessor:} 12... Nc6 13. Qb3 Nf5 14. Nd5 Qa5 15. Qb5 Qxa2 16. Nc3 Qa1+ 17. Kd2 Qa5 18. Qxc6 {1-0 (63) Grippo,L-Blasi,S ICCF email 2008}) 13. Qd3 (13. Qb3 $15) 13... Nf5 $17 14. Bf2 Nc6 {[%cal Rd6e5,Bb8c6,Bc6b4,Bb4d3][%mdl 32]} 15. Nd5 Nb4 (15... Qd8 {seems wilder.} 16. Qa3 Ncd4 17. Bxd4 Bxd5 18. Bf2 Bxf3 19. Qxf3 Rb8) 16. Nxb6 Nxd3+ 17. Bxd3 axb6 18. Bxf5 $1 gxf5 19. Bh4 (19. exd6 $11 exd6 20. a3) 19... Rfe8 (19... dxe5 $17 20. Kb1 f6) 20. a3 (20. exd6 $11 exd6 21. Rxd6) 20... Bh6 21. Bg5 $1 {[%cal Rg5h6]} Bxg5 22. Nxg5 d5 ({And not} 22... Bxg2 23. Rhg1 $16) (22... dxe5 $15 23. fxe5 Red8) 23. g4 h6 {Threatens to win with ...d4.} 24. Nf3 Ra4 25. Nh4 $1 Rxf4 26. Nxf5 d4 27. Rhf1 Rxf1 28. Rxf1 $11 {[%mdl 4096] Endgame KRB-KRN} Kh7 29. Rf2 Be4 30. Kd2 Bxf5 31. Rxf5 {KR-KR} Kg7 32. Kd3 Rd8 (32... e6 $1 $11 {remains equal.} 33. Rf1 b5) 33. b3 ({White should try} 33. Kc4 $16) 33... e6 $14 34. Rf1 Rd5 35. Ke4 Rd7 36. a4 d3 37. cxd3 Rd4+ 38. Ke3 Rb4 39. Rb1 Kg6 40. Kd2 $1 Kg5 41. Kc3 $1 Kh4 {[#]} 42. Rf1 (42. Rd1 $1 $16) 42... Kxh3 $11 43. Rxf7 {Hoping for Rg7.} Kxg4 44. Rf6 $1 {[%csl LRe6,LRh6] White wants to play d4.} h5 45. Rxe6 {Strongly threatening Rh6.} Kg5 $2 {[%mdl 8192]} (45... Kf5 $14 46. Rh6 Kxe5) 46. Rf6 $18 {Black must now prevent Rf8.} h4 (46... Rd4 $142 47. Rxb6 Rd7) 47. Rf2 {And now e6 would win.} Rd4 48. e6 {[%cal Be5e6,Be6e7][%mdl 32]} Rd8 {[#]} 49. Kc4 $1 h3 50. e7 Re8 51. Re2 Kf4 (51... Kf6 $142 52. Rh2 Rxe7) 52. Kd5 Kf3 53. Rh2 Rxe7 54. Rxh3+ Ke2 55. Rh6 Kxd3 56. Rxb6 Rc7 57. a5 {[%cal Ba4a5,Ba5a6][%mdl 32]} Kc3 58. a6 {Precision: White = 59%, Black = 38%.} 1-0